000 00314nam a22001337a 4500
008 170602b xxu||||| |||| 00| 0 eng d
020 _a9780618717095
041 _aeng
080 _a94
100 _a17
101 _aSHH
245 _aTHE AND ITS PEOPLES A GLOBAL HISTORY
_cCROSSLEY.B
942 _2udc
_cBK
999 _c15606
_d15606